000 00325nam a22001457a 4500
020 _a81-7371-212-3
082 _a510
_bMAO/S
100 _aMAOR ELI
245 _aTHE STORY OF A NUMBER
250 _aREPRINT
260 _aHYDERABAD
_bUNIVERSITY PRESS
_c2005
300 _a227
650 _aMATHS REFERENCE
_zINDIA
942 _cBK
999 _c1321
_d1321